000 00687nam a2200181Ia 4500
008 090124s9999 xx 000 0 und d
082 _b122096
100 _aदेशमुख सुषमा
245 _a संगत पंगत ( कन्याकुमारी ते अमरनाथ )
250 _a1
260 _c1987
300 _a206
600 _aदेशमुख सुषमा
630 _a संगत पंगत ( कन्याकुमारी ते अमरनाथ )
700 _aदेशमुख सुषमा
730 _a संगत पंगत ( कन्याकुमारी ते अमरनाथ )
942 _cBOOK
999 _c168182
_d168182